000
00240nam a2200097Ia 4500
008
220120s9999||||xx |||||||||||||| ||und||
100
_a
Badi, R.V
_9
11574
245
0
_a
Indian constitution
300
_b
0
650
_a
SOFTWARE ENGINEERING
_9
1072
999
_c
136721
_d
136721